000 01019nam0a22002891 4500
001 v19\rc\1655865
005 20061002133317.2
035 _a(NLR Aleph) 004766243
090 _a4606973
_c4606973
100 _a20061002d1889 |||y0rusy50 ca
101 0 _arus
102 _aRU
105 _aa z |||||
200 1 _aТопография органов грудной полости и описание заключающейся в ней клетчатки
_eДис. на степ. д-ра мед. лекаря В. Руднева
210 _aМосква
_c"Рус." типо-лит.
_d1889
215 _a[2], 80 с., 4 л. ил.
_d21
320 _aБиблиогр. в примеч.
700 1 _aРуднев
_bВ. Д.
_f1848-
_gВасилий Дмитриевич
801 0 _aRU
_bNLR
_gpsbo
801 0 _aRU
_bRuMoRGB
_2psbo
801 1 _aRU
_bProSoft-M
_2rusmarc
852 _aNLR
_j18.316.2.284
899 _aRuMoRGB
_jU 131/284
899 _aRuMoRGB
_jA 152/217
899 _aБАН
942 _cBOOK
980 _aNB